000 00378nam a2200157Ia 4500
008 230917s9999||||xx |||||||||||||| ||und||
040 _e86550
_aMAIN
041 _aEnglish
082 _a005.1 S18O
100 _aStallings, William
245 0 _aOperating systems
250 _a2nd ed.
260 _aNew Delhi
_bPrentice-Hall
_c2000
300 _axviii, 701 p.
942 _cBK
999 _c106831
_d106831